000 00751cam a2200229 a 4500
001 000015464
005 20200929164041.0
008 861029s1983 cau b 001 0 eng
020 _a0884041123
020 _a0884041018
040 _aDO-SdBNP
_beng
_cLC
_dBNPHU
082 _a299.936
_bH875d
100 1 _aHubbard, L. Ron
_q(La Fayette Ron),
_d1911-1986.
_934929
245 1 4 _aThe dynamics of life :
_ban introduction to dianetics discoveries /
_cL. Ron Hubbard.
260 _aLos Angeles, California :
_bBridge Publications,
_c1983.
300 _a164 p. ;
_c24 cm.
504 _aBibliografías: p. 145-154.
504 _aEl ejemplar dos posee tapadura.
650 4 _aDianética
_934930
910 _aCatalogación por copia / LC
049 _aBNGR
999 _c15020
_d15020